000 00551nam a22002057a 4500
003 Nust
005 20211130181704.0
008 170109b xxu||||| |||| 00| 0 eng d
020 _a1855733072
038 _aKhadija
040 _cc
082 _a658.5
_bKEN
100 _aKenworthy, John.
_985359
245 _aPlanning and control of manufacturing operations /
_cJohn.Kenworthy
260 _aCambridge:
_bWoodhead Publishing Limited;
_c1998.
300 _avi, 262 p: ,
_b24 cm.
500 _aHardcover.
563 _aHardcover
942 _cBK
_2ddc
999 _c31685
_d31685